000 01290nam a22002537a 4500
005 20170124103201.0
010 _a916745
020 _c30.00
035 _a916745
037 _bCen Lib/Ret
040 _aDPL
_bHN
082 _a821.08
_bशाण्डिल्य
100 _aशाण्डिल्य, शिव कुमार
_946904
245 _aमौलाना दाऊदकृत चांदायन का भाषा स्वरुप एवं बिम्बात्मक संचेतना /
_cशिव कुमार शाण्डिल्य
246 _aMaulana Daudkrit Chandayan ka bhasha swaroop ewam bimbatmak sanchetna /
_bby Shiv Kumar Shandilye
260 _aनयी दिल्ली
_bभाषा प्रकाशन
_c1978
270 _bनयी दिल्ली
_a453/पॉकेट 2, पश्चिमपुरी
_e110063
300 _axiii,184पृ.
_c20सेमी(सजिल्द)
650 _aहिन्दी -- व्याकरण
_991986
650 _aहिन्दी -- भाषा एवं संचेतना
_991987
650 _aHindi - grammar
_99482
650 _aHindi - language and sentience
_991988
942 _2ddc
_cHN
_h821.08
_mशाण्डिल्य
999 _c120695
_d120695